|
|
|
|
| LEADER |
00000nam a22000007a 4500 |
| 005 |
20211123214720.0 |
| 007 |
cr|||| |||| |
| 008 |
211123c20069999za ar|w s|||| 0|||b1eng d |
| 022 |
|
|
|a 1727-0294
|
| 035 |
|
|
|a 33742
|
| 040 |
|
|
|a vLex
|
| 090 |
|
|
|c 12683
|d 12683
|
| 245 |
0 |
0 |
|a Journal for Estate Planning Law
|h [Recurso electrn̤ico] /
|
| 256 |
|
|
|a Servicio en ln̕ea
|
| 260 |
|
|
|a Pretoria:
|b Sabinet African Journals,
|c 2006 -
|
| 300 |
|
|
|a 1 recurso electrn̤ico
|
| 310 |
|
|
|a Anual
|
| 500 |
|
|
|a The Journal for Estate Planning Law is published by the Faculty of Law, University of the Free State and deals with articles relating to all aspect.
|
| 506 |
1 |
|
|a Disponible solo en los productos indicados
|d vLex Global
|d vLex Global (Academic Edition, excluding Law Schools)
|d vLex Global (U.S. Academic Edition, Law Schools)
|d vLex Global (U.S. Academic Edition, excluding Law Schools)
|d vLex Global (Academic Edition, Law Schools)
|
| 650 |
0 |
4 |
|a Sucesiones
|z Sudf̀rica
|
| 740 |
0 |
|
|a vLex Revistas (Servicio en ln̕ea)
|
| 856 |
4 |
0 |
|u https://app.vlex.com/#/sources/33742
|z Acceso restringido
|
| 942 |
|
|
|c REV
|
| 999 |
0 |
|
|a Successions
|